| 000 | 01097nmc a2200373 a 4500 | ||
|---|---|---|---|
| 003 | AR-BaBNM | ||
| 005 | 20251128204348.0 | ||
| 008 | 315019s1992 ||||||||||||||000 | spa|| | ||
| 020 | _a950-737-121-0 | ||
| 040 | _cAR-BaBNM | ||
| 100 | 1 | _aPuiggrós, Adriana | |
| 245 | 1 | 0 | _aEstudios comparados en educación en América Latina |
| 260 |
_aBuenos Aires _bCoquena Grupo Editor _c1992 |
||
| 300 | 0 |
_a117 p. _bcuadros |
|
| 490 | 0 | _aEducación hoy y mañana | |
| 500 | 0 | _aTraducción de Cristina Acevedo | |
| 650 | 4 | _aEDUCACION COMPARADA | |
| 650 | 4 | _aSISTEMAS ESCOLARES | |
| 650 | 4 | _aINTEGRACION ESCOLAR | |
| 650 | 4 | _aPROGRAMAS DE ALFABETIZACION | |
| 650 | 4 | _aNECESIDADES EDUCACIONALES | |
| 650 | 4 | _aANALFABETISMO | |
| 650 | 4 | _aDESERCION ESCOLAR | |
| 650 | 4 | _aDESARROLLO CULTURAL | |
| 650 | 4 | _aESTADO Y EDUCACION | |
| 650 | 4 | _aAPTITUD PARA LA ESCOLARIDAD | |
| 651 | 4 | _aAmérica Latina | |
| 653 | 0 | _aPROBLEMAS EDUCATIVOS | |
| 700 | 1 | _aBertussi, Guadalupe | |
| 700 | 1 | _aCiavatta Franco, María A. | |
| 800 | 1 |
_aVior, Susana E. _edirector |
|
| 942 | _cBK | ||
| 998 | _cCarmen | ||
| 999 |
_c7161 _d7161 |
||